Чи папа є намісником Ісуса Христа? (Запис № 432732)

МАРК-запис
000 -Лідер
fixed length control field 00703nam a22002417a 4500
003 - Ідентифікатор контрольного номера
control field UA-OsUOA
001 - Контрольний номер
control field 52610
007 - Фіксоване поле фізичного опису
fixed length control field ta
008 - Елементи даних фіксованої довжини – загальна інформація
fixed length control field 20150716b un ||||| |||| 00| 0 ukr d
090 ## - Локальний шифр розміщення
Класифікаційний індекс УДК 09.-282
Авторський знак (НП) К43
040 ## - Джерело каталогізації
Агенція оригінальної каталогізації UA-OsUOA
Мова каталогізації ukr
Агенція, яка здійснювала перезапис UA-OsUOA
Агенція, яка здійснювала модифікацію UA-OsUOA
041 ## - Код мови
Код мови тексту/ звукової доріжки чи окремого заголовка (П) ukr
080 ## - Індекс Універсальної десяткової класифікації
Індекс Універсальної десяткової класифікації (УДК) (НП) 09.-282
100 ## - Основне введення – ім’я особи
Ім’я особи (НП) Кирстюк К.
245 ## - Відомості про назву
Назва (НП) Чи папа є намісником Ісуса Христа?
260 ## - Публікація, розповсюдження і т.п. (Вихідні дані)
Місце публікації, розповсюдження і т.п. (П) Филядельфія
Дата публікації, розповсюдження і т.п. (П) 1936
300 ## - Фізичний опис
Обсяг 56 с.
650 #7 - Додаткове предметне введення – тематичний термін
Тематичний термін чи географічна назва, як елемент введення (НП) 0 Загальний відділ.
Джерело заголовка чи терміна UDC
942 ## - Додаткові елементи входу (Коха)
Тип елемента Koha Книги
955 ## - Код типу видання за змістом
Код типу видання за змістом (НП) Наукові видання
Фонди
Стан вилучень Стан втрат Джерело класифікації або схеми стелажів Стан уражень Не для кредиту Код колекції Постійне місце розташування Поточне розміщення Дата придбання Джерело придбання Вартість, звичайна ціна покупки Інвентарний номер Усього замовленно Повний номер виклику Штрих-код Дата останнього перегляду Ціна ефективна від Тип елемента Koha
    Universal Decimal Classification     Колекція Центру дослідження імміграційної історії Міннесотського університету Наукова бібліотека ІДУД Наукова бібліотека ІДУД 16/07/2015 322/2015 1.00 2138173   09.-282 К43 2138173 15/09/2019 16/07/2015 Книги
    Universal Decimal Classification     Колекція Центру дослідження імміграційної історії Міннесотського університету Наукова бібліотека ІДУД Наукова бібліотека ІДУД 16/07/2015 322/2015 1.00 2138174   09.-282 К43 2138174 15/09/2019 16/07/2015 Книги